[Event "Dortmund Sparkassen op-A 45th"]
[Site "Dortmund"]
[Date "2017.07.17"]
[Round "3"]
[White "Steinle, Carsten"]
[Black "Althoff, Ralph"]
[Result "0-1"]
[WhiteElo "2237"]
[BlackElo "2071"]
[PlyCount "116"]
[EventDate "2017.07.15"]
[EventType "swiss"]
[EventRounds "9"]
[EventCountry "GER"]
[SourceTitle "CBM 179 Extra"]
[Source "ChessBase"]
[SourceDate "2017.08.23"]
[SourceVersion "1"]
[SourceVersionDate "2017.08.23"]
[SourceQuality "1"]

1. Nf3 d5 2. e3 Nf6 3. c4 e6 4. b3 c5 5. d3 Bd6 6. Be2 Nc6 7. Bb2 0-0 8. 0-0 b6 9. Nbd2 Bb7 10. a3 a5 11. Qc2 Rc8 12. Rfe1 Bb8 13. Rac1 Re8 14. Qb1 Ng4 15. h3 Nge5 16. Qa1 f6 17. d4 cxd4 18. exd4 Ng6 19. Bf1 Nf4 20. g3 Nh5 21. Bg2 Qd6 22. cxd5 exd5 23. Nf1 Rxe1 24. Rxe1 Ne7 25. Qb1 Ba6 26. Ne3 g6 27. Qd1 Rd8 28. Qc2 Bc8 29. Qe2 Kf7 30. Nh4 Be6 31. Ng4 Ng7 32. Nh6+ Kf8 33. Qf3 Nef5 34. Bc1 Nxh6 35. Qxf6+ Bf7 36. Qxd6+ Bxd6 37. Bxh6 Bxa3 38. Nf3 Kg8 39. g4 Ne6 40. Rd1 Bb2 41. Be3 b5 42. Ne5 a4 43. bxa4 bxa4 44. Nc6 Rd6 45. Ne7+ Kf8 46. Nxd5 a3 47. Bc1 Bxc1 48. Rxc1 Nxd4 49. Rc8+ Kg7 50. Nc3 Ra6 51. Rd8 a2 52. Nxa2 Ne2+ 53. Kf1 Rxa2 54. Ra8 Rxa8 55. Bxa8 Nf4 56. h4 Bd5 57. Bxd5 Nxd5 58. Kg2 Kf6 0-1

[Event "Ruhrgebiet Regionalliga 1617"]
[Site "Germany"]
[Date "2017.02.26"]
[Round "7.2"]
[White "Steinle, Carsten"]
[Black "Koehn, Peter"]
[Result "1/2-1/2"]
[WhiteElo "2156"]
[BlackElo "2179"]
[PlyCount "107"]
[EventDate "2016.09.11"]
[EventType "team-tourn"]
[EventRounds "9"]
[EventCountry "GER"]
[SourceTitle "EXT 2022"]
[Source "ChessBase"]
[SourceDate "2021.10.06"]
[SourceVersion "1"]
[SourceVersionDate "2021.10.06"]
[SourceQuality "1"]
[WhiteTeam "Ahlen SV"]
[BlackTeam "Wattenscheid SV II"]
[WhiteTeamCountry "GER"]
[BlackTeamCountry "GER"]

1. Nf3 c5 2. b3 b6 3. Bb2 Bb7 4. e3 e6 5. Be2 Nf6 6. 0-0 Be7 7. c4 0-0 8. Nc3 Nc6 9. d4 cxd4 10. Nxd4 Nxd4 11. Qxd4 Qb8 12. Rfd1 Rd8 13. Rac1 Bc6 14. Qh4 Qb7 15. Qg3 a6 16. Rd4 Rac8 17. Rcd1 Qb8 18. Qh3 b5 19. Rh4 h6 20. Rf4 b4 21. Nb1 e5 22. Rh4 d6 23. Nd2 a5 24. Bd3 a4 25. Qg3 Kf8 26. f4 axb3 27. axb3 Qa7 28. Bf5 Ra8 29. fxe5 dxe5 30. Bxe5 Qa2 31. Bd4 Ra5 32. Qf2 Bd7 33. Bb1 Qa3 34. Rf1 Be6 35. h3 Rd7 36. Bc2 Ra8 37. Qf3 Qa6 38. Ra1 Qxa1+ 39. Bxa1 Rxa1+ 40. Nf1 Rd2 41. Bf5 Rdd1 42. Bxe6 fxe6 43. Rd4 Rxf1+ 44. Qxf1 Rxf1+ 45. Kxf1 Ke8 46. Ke2 Bc5 47. Rd1 Ne4 48. Ra1 Be7 49. Ra8+ Kf7 50. Rb8 h5 51. Kd3 Nc5+ 52. Kc2 Ne4 53. Kd3 Nc5+ 54. Kc2 1/2-1/2